000 00279nam a22001337a 4500
008 180123b xxu||||| |||| 00| 0 eng d
020 _a9780679017271
041 _aeng
080 _a91
100 _a42
101 _aGJEO
245 _aFodor's 90
_cHugh,K.M
942 _2udc
_cBK
999 _c40724
_d40724